00833cam a22002171 4500001001300000003000400013005001700017008004100034010001700075035002000092040002100112042001200133050002200145100002100167245016500188260007700353300004700430410009500477650002600572999001700598gs 15000882 DLC20260227111318.0891014s1914 ag bf 000 0 spa  ags 15000882  a(OCoLC)20493066 aDLCcCUdCUdDLC apremarc00aQE231b.A3 no. 101 aStieglitz, Otto.00aContribución a la petrografía de la Precordillera y del Pie de Palo,cpor el doctor Otto Stieglitz (con 1 mapa, 1 perfil y 11 láminas microfotográficas) aBuenos Aires,bTalleres gráficos del Ministerio de agricultura,c1914. a97 p.bplates, fold. map, profile.c27 cm.10aArgentina.bDirección General de Minas y Geología.tBoletinvno. 10; ser. B (Geologia) 0aPetrologyzArgentina. c25602d25602